[Event "Campeonato de Aragón por Equipos 2008 "]
[Site "Aragón"]
[Date "2008.04.05"]
[Round "8.12"]
[White "Hernando Garcia Antonio"]
[Black "Ferrer Serrano Roberto"]
[Result "1/2-1/2"]
[WhiteElo "2212"]
[BlackElo "2203"]

1.c4 e6 2.Nf3 Nf6 3.Nc3 d5 4.cxd5 exd5 5.d4 Be7 6.Bg5 O-O 7.Qc2 Bg4 8.Ne5 Bh5
9.e3 Nbd7 10.Nxd7 Qxd7 11.Bxf6 Bxf6 12.Bd3 Bg6 13.Bxg6 hxg6 14.O-O g5 15.b4 g6
16.Rfc1 Be7 17.Qb3 Rfd8 18.a4 Kg7 19.b5 Rac8 20.Ra2 c5 21.dxc5 Rxc5 22.Rd1 Bf6
23.Ne2 Qc7 24.h3 Qe5 25.Rad2 Qe4 26.Nd4 g4 27.hxg4 Qxg4 28.Nf3 Qh5 29.Kf1 Qf5
30.Ke2 Rc4 31.a5 Qe4 32.Qd3 Qe6 33.Kf1 Qc8 34.Qb3 Qc5 35.Nd4 Rc3 36.Qb1 Qa3
37.Qa2 Bxd4 38.Qxa3 Rxa3 39.Rxd4 Rxa5 40.Rxd5 Rxd5 41.Rxd5 a6 42.Ke2 Kf6 43.
Kd3 Ke6 44.Rg5 axb5 45.f4 b6 46.Re5+ Kd6 47.Re8 Ra3+ 48.Kd4 Ra4+ 49.Kc3 Ra2
50.g4 Ra7 51.Kb4 Kc6 52.Re5 Ra4+ 53.Kb3 Ra1 54.Re7 Re1 55.Kc2 b4 56.Rxf7 Rxe3
57.Rf6+ Kc5 58.Rxg6 b3+ 59.Kb2 b5 60.f5 Kb4 61.Re6 Rc3 62.Re4+ Rc4 63.Rxc4+
bxc4 64.f6 c3+ 65.Kc1 Ka3 66.f7 b2+ 67.Kc2 Ka2 68.f8=Q b1=Q+ 69.Kxc3 Qe1+
1/2-1/2

[Event "Campeonato de Aragón por Equipos 2008 "]
[Site "Aragón"]
[Date "2008.04.05"]
[Round "8.13"]
[White "Cebrian Valverde Jose Antonio"]
[Black "Lorenzini Martin"]
[Result "0-1"]
[WhiteElo "2206"]
[BlackElo "2448"]

1.d4 d5 2.c4 e6 3.g3 Nf6 4.Nf3 c6 5.Qc2 Nbd7 6.Bg2 Bd6 7.O-O O-O 8.Bf4 Qe7 9.
c5 Bb8 10.Bxb8 Rxb8 11.b4 e5 12.e3 Re8 13.Nc3 a6 14.a4 e4 15.Nd2 Nf8 16.b5 h5
17.Rfb1 axb5 18.axb5 Bg4 19.Ra7 Qe6 20.Qa4 Ng6 21.Nb3 Bf3 22.Bf1 Nh7 23.h3 Ng5
24.Kh2 Bg4 25.hxg4 Nf3+ 26.Kh1 Qxg4 27.Ne2 h4 28.Ng1 Nxg1 29.Kxg1 hxg3 30.Bg2
gxf2+ 31.Kxf2 Nh4 32.Rg1 Re6 33.Rxb7 Rf6+ 34.Ke1 Qg3+ 35.Kd2 Rxb7 0-1

[Event "Campeonato de Aragón por Equipos 2008 "]
[Site "Aragón"]
[Date "2008.04.05"]
[Round "8.14"]
[White "Martinez Asensio Juan"]
[Black "Gimeno Oteo Marco Antonio"]
[Result "1-0"]
[WhiteElo "2171"]
[BlackElo "2162"]

1.d4 Nf6 2.c4 g6 3.Nc3 Bg7 4.e4 O-O 5.Nf3 d6 6.Be2 e5 7.d5 Nbd7 8.O-O Nc5 9.
Nd2 a5 10.Rb1 Ne8 11.b3 f5 12.a3 Nf6 13.b4 axb4 14.axb4 Ncxe4 15.Ndxe4 Nxe4
16.Nxe4 fxe4 17.Be3 Ra2 18.c5 Qh4 19.Re1 Bh6 20.Qb3 Bxe3 21.Qxe3 Bg4 22.Ra1
Rxe2 23.Rxe2 Bf3 24.h3 Bxg2 25.Qg3 Qh5 26.Qg4 Qxg4 27.hxg4 Bf3 28.Re3 h5 29.
gxh5 gxh5 30.Ra7 h4 31.Rc3 Rf5 32.Rxb7 Rg5+ 33.Kh2 e3 34.Rxe3 Bxd5 35.Rxc7
dxc5 36.Rxc5 Bf7 37.f3 Rf5 1-0

[Event "Campeonato de Aragón por Equipos 2008 "]
[Site "Aragón"]
[Date "2008.04.05"]
[Round "8.15"]
[White "Gomez Calomarde Saul"]
[Black "Palomar Ramon Santiago"]
[Result "1/2-1/2"]
[WhiteElo "1932"]
[BlackElo "2010"]

1.d4 Nf6 2.c4 d6 3.Nc3 e5 4.d5 Nbd7 5.e4 g6 6.Bd3 Bg7 7.Nge2 O-O 8.O-O Nc5 9.
Bc2 a5 10.Bg5 h6 11.Be3 b6 12.h3 Kh7 13.a3 a4 14.Bxc5 dxc5 15.Bxa4 Rb8 16.Rb1
Nh5 17.b4 cxb4 18.axb4 f5 19.exf5 gxf5 20.Nb5 Rf7 21.Na7 Bd7 22.Nc6 Bxc6 23.
Bxc6 Qh4 24.Qc2 e4 25.Rb3 Be5 26.f3 Ng3 27.Nxg3 Qxg3 28.f4 Bd4+ 29.Kh1 Qh4 30.
Kh2 Rg7 31.Ba4 Rbg8 32.c5 Rg4 33.Bd7 Rxf4 34.Bxf5+ Kh8 35.g3 Rxg3 36.Rxf4 Bg1+
37.Kh1 Qxf4 38.Rxg3 Qxg3 39.Bxe4 Bf2 40.Bg2 Qe3 41.Qb1 bxc5 42.bxc5 Qxc5 43.
Qf1 Qe3 44.Qa1+ Kh7 45.Qb1+ 1/2-1/2

[Event "Campeonato de Aragón por Equipos 2008 "]
[Site "Aragón"]
[Date "2008.04.05"]
[Round "8.16"]
[White "Gutierrez Minguenza Ruben"]
[Black "Dominguez Bujeda Jesus"]
[Result "0-1"]
[WhiteElo "2092"]
[BlackElo "2095"]

1.d4 d5 2.c4 e6 3.Nc3 Nf6 4.cxd5 exd5 5.Bg5 Be7 6.e3 c6 7.Bd3 Nbd7 8.Qc2 O-O
9.Nge2 Re8 10.O-O g6 11.f3 Nh5 12.Bxe7 Qxe7 13.e4 dxe4 14.fxe4 Ndf6 15.h3 c5
16.Nf4 Nxf4 17.Rxf4 cxd4 18.Raf1 dxc3 19.Rxf6 Be6 20.Qxc3 Rac8 21.Qa5 b6 22.
Qa6 Bf5 23.e5 Be6 24.Kh1 Rc5 25.Bb5 Rd8 26.Re1 Rxe5 27.Rff1 Rxe1 28.Rxe1 Qh4
29.Re3 Rd1+ 30.Kh2 Qf4+ 31.Rg3 Qc1 32.Rf3 Rh1+ 33.Kg3 Qg5+ 34.Kf2 Qc5+ 35.Re3
Rb1 36.Be2 Rxb2 37.Qxa7 Rxa2 0-1

[Event "Campeonato de Aragón por Equipos 2008 "]
[Site "Aragón"]
[Date "2008.04.05"]
[Round "8.17"]
[White "Malo Guillen Jose Luis"]
[Black "Llorente Zaro Alfonso"]
[Result "0-1"]
[WhiteElo "2198"]
[BlackElo "2392"]

1.d4 d6 2.c4 e5 3.Nc3 exd4 4.Qxd4 Nc6 5.Qd2 Nf6 6.g3 g6 7.Bg2 Bg7 8.b3 O-O 9.
Bb2 a5 10.Nh3 Ne5 11.O-O a4 12.Rad1 axb3 13.axb3 Nfd7 14.Nf4 Nc5 15.Qc2 c6 16.
b4 Na6 17.Qb3 Qb6 18.b5 Nc5 19.Qb4 Re8 20.Rxd6 Na6 21.Nfd5 cxd5 22.Qa3 Nc7 23.
c5 Qxd6 24.cxd6 Rxa3 25.Bxa3 Nc4 26.dxc7 Bxc3 27.Bc5 b6 28.Bxd5 bxc5 29.Bxc4
Ba5 30.Ra1 Bxc7 31.Ra7 Bb8 32.Bxf7+ Kf8 33.Bxe8 Bxa7 34.Bc6 c4 35.Kf1 c3 36.
Ke1 Bxf2+ 37.Kd1 Ke7 38.Kc2 Bd4 39.b6 Bxb6 40.Kxc3 Bg1 41.h4 Bf2 42.Be4 Bg4
0-1

[Event "Campeonato de Aragón por Equipos 2008 "]
[Site "Aragón"]
[Date "2008.04.05"]
[Round "8.18"]
[White "Remiro Juste Fernando Jose"]
[Black "Alonso Blasco Jose Miguel"]
[Result "1-0"]
[WhiteElo "2335"]
[BlackElo "2075"]

1.c4 Nf6 2.g3 e6 3.Bg2 d5 4.Nf3 dxc4 5.Qa4+ Nbd7 6.O-O a6 7.Qxc4 c5 8.a4 b5 9.
Qc2 Bb7 10.d3 Bd6 11.Nc3 Qb6 12.Qb3 Bxf3 13.Bxf3 Rb8 14.axb5 axb5 15.Bg2 O-O
16.Be3 Ng4 17.Bd2 Ndf6 18.Ne4 Nxe4 19.Bxe4 Rfc8 20.Ba5 Qa7 21.Qd1 f5 22.Bg2
Qf7 23.h3 Nf6 24.Bd2 c4 25.Be3 Bc5 26.Bxc5 Rxc5 27.dxc4 bxc4 28.Qd6 Rcb5 29.
Rfc1 e5 30.Bc6 Ne4 31.Qd7 Rxb2 32.Bd5 1-0

[Event "Campeonato de Aragón por Equipos 2008 "]
[Site "Aragón"]
[Date "2008.04.05"]
[Round "8.20"]
[White "Lana Rodriguez David"]
[Black "Artal Alegria Francisco Javier"]
[Result "1-0"]
[WhiteElo "2177"]
[BlackElo "1943"]

1.e4 e6 2.d4 d5 3.Nc3 Bb4 4.exd5 exd5 5.Bd3 Nf6 6.Ne2 c6 7.O-O O-O 8.Bg5 Bd6
9.Ng3 h6 10.Be3 Qc7 11.Qd2 Ng4 12.Nce2 f5 13.Bf4 g5 14.Bxd6 Qxd6 15.f4 c5 16.
fxg5 c4 17.gxh6 Qxh6 18.Qxh6 Nxh6 19.Nf4 cxd3 20.Nxd5 Nc6 21.c3 b6 22.Rf3 f4
23.Rxf4 Be6 24.Nf6+ Kg7 25.d5 Ng4 26.Nfh5+ Kh6 27.dxe6 Ne3 28.Re4 Nf5 29.Nxf5+
Rxf5 30.Ng3 Re5 31.Rxe5 Nxe5 32.Re1 Nc4 33.b3 Nb2 34.Nf1 Re8 35.Nd2 Kg5 36.Rb1
Rxe6 37.Nf3+ Kf4 38.Rxb2 Rc6 39.Kf2 Rxc3 40.Ne1 b5 41.Rd2 Ke4 42.g4 a5 43.Rxd3
Rc5 44.h4 a4 45.bxa4 bxa4 46.Rf3 Rb5 47.Ra3 Rb4 48.Kg3 Kd5 49.Nc2 Re4 50.h5
Ke6 51.Re3 1-0

[Event "Campeonato de Aragón por Equipos 2008 "]
[Site "Aragón"]
[Date "2008.04.05"]
[Round "8.21"]
[White "Villuendas Valero Adrian"]
[Black "Garza Marco Sergio"]
[Result "0-1"]
[WhiteElo "2239"]
[BlackElo "2373"]

1.c4 b6 2.d4 e6 3.Nf3 Bb7 4.g3 Bb4+ 5.Bd2 a5 6.Bg2 Nf6 7.O-O O-O 8.Bf4 Re8 9.
c5 a4 10.a3 Ba5 11.Qxa4 bxc5 12.dxc5 e5 13.Nxe5 Bc3 14.Qb3 Bxg2 15.Nxc3 Bxf1
16.Nxf7 Qe7 17.Nd6+ Qe6 18.Qb7 cxd6 19.Qxa8 Nc6 20.Qa4 Qh3 0-1

[Event "Campeonato de Aragón por Equipos 2008 "]
[Site "Aragón"]
[Date "2008.04.05"]
[Round "8.22"]
[White "Lamas Mercadal Manuel"]
[Black "Gimenez Martinez Alberto"]
[Result "1-0"]
[WhiteElo "2246"]
[BlackElo "2097"]

1.e4 c5 2.Nc3 d6 3.g3 Nf6 4.Bg2 Nc6 5.d3 g6 6.f4 Bg7 7.h3 O-O 8.Nf3 Rb8 9.a4
a6 10.O-O b5 11.axb5 axb5 12.Be3 Nd7 13.Rb1 Nd4 14.Ne2 Qb6 15.Nexd4 cxd4 16.
Bf2 b4 17.g4 Ba6 18.Bh4 e5 19.b3 f6 20.f5 Rbc8 21.Nd2 Bh6 22.Nc4 Qc5 23.fxg6
hxg6 24.Ra1 Bxc4 25.bxc4 Bf4 26.Be1 Ra8 27.Rb1 Rfb8 28.g5 fxg5 29.Qg4 Nf8 30.
h4 gxh4 31.Bxh4 Rb7 32.Rxf4 exf4 33.e5 dxe5 34.Bxb7 Ra2 35.Bd5+ Kg7 36.Bg5 Qd6
37.Qh4 Nh7 38.Be4 Nxg5 39.Qxg5 Rxc2 40.Ra1 Qb6 41.Qxe5+ Kh7 42.Ra8 Rc1+ 43.Kf2
Rc2+ 44.Kf3 1-0

[Event "Campeonato de Aragón por Equipos 2008 "]
[Site "Aragón"]
[Date "2008.04.05"]
[Round "8.23"]
[White "Cebollada Pacheco Jesus Raul"]
[Black "Llanes Luno Ricardo"]
[Result "1/2-1/2"]
[WhiteElo "2002"]
[BlackElo "2233"]

1.e4 e5 2.Nf3 Nf6 3.Nxe5 d6 4.Nf3 Nxe4 5.Nc3 Nxc3 6.dxc3 Be7 7.Bf4 O-O 8.Qd2
Nd7 9.O-O-O Nc5 10.Bc4 Be6 11.Bxe6 Nxe6 12.Be3 Qd7 13.h4 Qa4 14.Kb1 b5 15.Ng5
Nxg5 16.hxg5 Qc4 17.Rh3 f6 18.Rdh1 fxg5 19.b3 Qe4 20.f3 Qf5 21.Rxh7 Bf6 22.
Rh8+ Kf7 23.R8h5 Qe5 24.Bxg5 Rae8 25.Bxf6 Qxf6 26.Qd5+ Ke7 27.Qxb5 Qxc3 28.
R5h4 Kd8 29.Rc4 Re1+ 30.Rxe1 Qxe1+ 31.Kb2 Qe5+ 32.Qxe5 dxe5 33.Re4 Rf5 34.b4
Kd7 35.Kb3 Kd6 36.c4 Rg5 37.Re2 Rg3 38.c5+ Kd5 39.Rd2+ Ke6 40.Kc4 a6 41.b5
axb5+ 42.Kxb5 g5 43.a4 g4 44.fxg4 e4 45.a5 Rd3 46.Re2 Kd5 47.g5 Rb3+ 48.Ka4
Rg3 49.a6 Rxg5 50.a7 Rg8 51.Kb5 Kd4 52.g4 Kd3 53.Re1 e3 54.g5 Kd2 55.Rxe3 Kxe3
1/2-1/2

[Event "Campeonato de Aragón por Equipos 2008 "]
[Site "Aragón"]
[Date "2008.04.05"]
[Round "8.25"]
[White "Lopez Gracia Fernando"]
[Black "Ramiro Ovejero Juan Luis"]
[Result "1-0"]
[WhiteElo "2293"]
[BlackElo "2330"]

1.e4 e5 2.Nf3 d6 3.d4 exd4 4.Nxd4 Nf6 5.Nc3 Be7 6.Bf4 O-O 7.Qd2 c6 8.O-O-O b5
9.f3 b4 10.Nb1 d5 11.Bxb8 Rxb8 12.Nxc6 Qc7 13.Nxe7+ Qxe7 14.exd5 Rd8 15.Bc4
Qc7 16.Bb3 a5 17.d6 Qc6 18.Rhe1 a4 19.Bd5 Qb5 20.Re7 Rb6 21.c4 Qc5 22.Rc7 Qxd6
23.Bc6 Qxd2+ 24.Rxd2 Rf8 25.Bxa4 Re6 26.a3 bxa3 27.Nxa3 g5 28.Rc6 g4 29.Rxe6
Bxe6 30.fxg4 Ne4 31.Rd4 Nc5 32.Bc2 f5 33.b4 Na6 34.Rd6 Nc7 35.Rc6 1-0

[Event "Campeonato de Aragón por Equipos 2008 "]
[Site "Aragón"]
[Date "2008.04.05"]
[Round "8.26"]
[White "Gil Capape MA"]
[Black "Quintin Navarro Alberto"]
[Result "1-0"]
[WhiteElo "2185"]
[BlackElo "1975"]

1.e4 c5 2.Nf3 d6 3.d4 Nf6 4.Nc3 cxd4 5.Nxd4 a6 6.Be2 e5 7.Nb3 Be7 8.Bg5 Nbd7
9.O-O b6 10.Qd2 Bb7 11.Bf3 Rc8 12.Rad1 h6 13.Be3 O-O 14.g4 b5 15.a3 Rc4 16.Be2
Nxe4 17.Nxe4 Rxe4 18.Bf3 Qc7 19.Bxe4 Bxe4 20.f3 Ba8 21.Qf2 f5 22.gxf5 Rxf5 23.
Qd2 Nb6 24.Qa5 Nd5 25.Qxa6 Bb7 26.Qa7 Nxe3 27.Qxe3 Qxc2 28.Rd2 Qc8 29.Rc1 Qd7
30.Nc5 Qc7 31.Qb3+ Kh8 32.Qxb5 Bxf3 33.Qd7 Rg5+ 34.Kf1 Qa5 35.Nb3 Qa6+ 36.Kf2
Rg2+ 37.Kxf3 Rf2+ 38.Kxf2 Bh4+ 39.Kg2 Qb6 40.Rc8+ 1-0

[Event "Campeonato de Aragón por Equipos 2008 "]
[Site "Aragón"]
[Date "2008.04.05"]
[Round "8.27"]
[White "Arregui Unotria Carlos"]
[Black "Galvez Perez Jose Luis"]
[Result "1-0"]
[WhiteElo "1925"]
[BlackElo "2120"]

1.d4 d6 2.c4 e5 3.dxe5 dxe5 4.Nd2 Nc6 5.Ngf3 g6 6.Qc2 Bg7 7.e4 Nh6 8.a3 O-O 9.
b4 f5 10.Bb2 fxe4 11.Nxe4 Nf5 12.c5 h6 13.Bc4+ Kh7 14.h4 Nfd4 15.Bxd4 Nxd4 16.
Nxd4 exd4 17.Ng5+ Kh8 18.Qxg6 Qe8+ 19.Qxe8 Rxe8+ 20.Kd2 Bf5 21.Nf3 Be4 22.Rae1
Bxf3 23.gxf3 Bf6 24.Re4 a5 25.b5 Rxe4 26.fxe4 Be7 27.a4 Bxc5 28.Bd5 Rf8 29.Rf1
Rf4 30.h5 b6 31.f3 Rh4 32.e5 Rxh5 33.f4 Rh3 34.f5 Bb4+ 35.Kc2 d3+ 36.Kd1 Re3
37.Bc4 d2 38.Be2 Rxe5 39.Rh1 Kg7 40.f6+ Kxf6 41.Rxh6+ Ke7 42.Rc6 Rg5 43.Rxc7+
Kd8 44.Rc6 Rg1+ 45.Kc2 Rc1+ 46.Kb3 d1=Q+ 47.Bxd1 Rxd1 48.Rxb6 Rc1 49.Rg6 Rc3+
50.Kb2 Kd7 51.Rg7+ Kc8 52.Rg8+ Kb7 53.Rg7+ Rc7 54.Rg6 Rd7 55.Rg8 Kb6 56.Rg6+
Rd6 57.Rg8 Kc5 58.Rc8+ Kd4 59.Kb3 1-0

[Event "Campeonato de Aragón por Equipos 2008 "]
[Site "Aragón"]
[Date "2008.04.05"]
[Round "8.28"]
[White "Garcia Lopez Alberto J"]
[Black "Plo Palacian Sandra"]
[Result "0-1"]
[WhiteElo "1981"]
[BlackElo "1921"]

1.Nf3 d5 2.b3 Nf6 3.Bb2 c5 4.g3 Nc6 5.Bg2 Bf5 6.d3 h6 7.O-O e6 8.Nbd2 Be7 9.
Re1 O-O 10.e4 Bh7 11.Qe2 Re8 12.Kh1 d4 13.Nc4 Qc7 14.a4 b6 15.Nfd2 Rad8 16.f4
a6 17.e5 Nd5 18.Ne4 Rf8 19.Ned6 Ncb4 20.Qd2 Bxd6 21.exd6 Qb8 22.Bxd5 Nxd5 23.
c3 dxc3 24.Bxc3 Nxc3 25.Qxc3 b5 26.axb5 axb5 27.Na5 Qxd6 28.Re5 Rc8 29.Rd1
Rfd8 30.Kg1 Qb6 31.Kf1 Ra8 32.Ra1 Bxd3+ 33.Ke1 c4 0-1

[Event "Campeonato de Aragón por Equipos 2008 "]
[Site "Aragón"]
[Date "2008.04.05"]
[Round "8.29"]
[White "Martinez Catalin Francisco Javier"]
[Black "Lopez Guaita Fernando"]
[Result "1-0"]
[WhiteElo "2247"]
[BlackElo "2065"]

1.e4 e5 2.Nf3 Nc6 3.d4 exd4 4.Nxd4 Bc5 5.Nxc6 Qf6 6.Qd2 dxc6 7.Nc3 Be6 8.Na4
Rd8 9.Bd3 Bd6 10.Qe3 Be5 11.O-O Bd4 12.Qg3 Qg6 13.Bg5 f6 14.Bf4 Qxg3 15.Bxg3
Rd7 16.c3 Bb6 17.Rfd1 Ne7 18.Nxb6 cxb6 19.Bc2 Rxd1+ 20.Rxd1 Nc8 21.f4 Ke7 22.
f5 Bf7 23.e5 Rd8 24.Rxd8 Kxd8 25.Bh4 Ke7 26.a3 Bd5 27.g4 Kf7 28.Bg3 Bf3 29.
Bb3+ Ke7 30.Be6 Kd8 31.exf6 gxf6 32.g5 Bd5 33.gxf6 Bxe6 34.fxe6 b5 35.f7 Ke7
36.Bh4+ Kf8 37.Bg5 1-0

[Event "Campeonato de Aragón por Equipos 2008 "]
[Site "Aragón"]
[Date "2008.04.05"]
[Round "8.30"]
[White "Rodes Apilluelo Jose Maria"]
[Black "Solano Lasierra Javier"]
[Result "0-1"]
[WhiteElo "2053"]
[BlackElo "2146"]

1.e4 e6 2.d3 d5 3.Nd2 c5 4.g3 Nc6 5.Bg2 Nf6 6.Ngf3 Be7 7.O-O Qc7 8.Re1 b6 9.e5
Nd7 10.Qe2 Ba6 11.Nf1 h6 12.h4 Rc8 13.Bf4 c4 14.d4 Nb4 15.c3 Nd3 16.Red1 Bb5
17.N1h2 a5 18.h5 Ba4 19.Rd2 b5 20.Bh3 b4 21.Ne1 Bb5 22.Qg4 Bf8 23.Bf1 Nxe1 24.
Rxe1 a4 25.Bg2 Nb6 26.cxb4 a3 27.bxa3 c3 28.Rc1 Qa7 29.Rdc2 Qxa3 30.Bf1 Ba4
31.Qe2 Bd7 32.Qa6 Qxa6 33.Bxa6 Ra8 34.b5 Bb4 35.Nf1 Rb8 36.Ne3 Ke7 37.Kf1 Rhd8
38.Ke2 Be8 39.g4 Na4 40.g5 hxg5 41.Bxg5+ f6 42.exf6+ gxf6 43.Bf4 Bxh5+ 44.f3
Bd6 45.Bxd6+ Kxd6 46.Rh1 Bg6 47.Rcc1 Rh8 48.Rcg1 Rxh1 49.Rxh1 Nb2 50.Nd1 Bd3+
51.Ke3 Nxd1+ 52.Rxd1 c2 53.Rc1 Bf5 54.a4 e5 55.a5 Ra8 56.Rg1 Rh8 57.Bb7 exd4+
58.Kxd4 Rh4+ 59.Ke3 d4+ 60.Kd2 Rh2+ 61.Kc1 d3 62.Be4 Bxe4 63.fxe4 Kc5 64.b6
Kd4 65.Kb2 Rh5 66.Kc1 Kc3 0-1

[Event "Campeonato de Aragón por Equipos 2008 "]
[Site "Aragón"]
[Date "2008.04.05"]
[Round "8.31"]
[White "Pellicer Cemeli Jose Luis"]
[Black "Bayod Rubia Angel"]
[Result "0-1"]
[WhiteElo "2073"]
[BlackElo "2042"]

1.d4 Nf6 2.c4 c5 3.d5 e5 4.Nc3 d6 5.e4 Be7 6.Be2 O-O 7.Nf3 Ne8 8.Be3 Nd7 9.Nd2
Bg5 10.O-O Bxe3 11.fxe3 Qg5 12.Rf3 Ndf6 13.Rg3 Qh6 14.Nf1 Kh8 15.a3 Qh4 16.Bf3
g5 17.h3 Rg8 18.Bg4 Nxg4 19.hxg4 Rg6 20.Qe1 Bxg4 21.Nh2 Bd7 22.Nf3 Qh6 23.Qf2
g4 24.Nh2 Rf6 25.Qe2 Qh4 26.Rxg4 Bxg4 27.Qxg4 Qf2+ 28.Kh1 Qxb2 29.Rf1 Qxc3 30.
Rxf6 Nxf6 31.Qf5 Qe1+ 32.Nf1 Qh4+ 33.Kg1 Rg8 0-1

[Event "Campeonato de Aragón por Equipos 2008 "]
[Site "Aragón"]
[Date "2008.04.05"]
[Round "8.32"]
[White "Bailo Remacha Santiago"]
[Black "Felez Casedas Carlos"]
[Result "1-0"]
[WhiteElo "2017"]
[BlackElo "1983"]

1.c4 e5 2.Nc3 Nf6 3.Nf3 Nc6 4.g3 d6 5.Bg2 Be7 6.O-O O-O 7.d4 Re8 8.dxe5 dxe5
9.Qb3 Bf8 10.Rd1 Qe7 11.Bg5 Nb4 12.a3 Na6 13.Nd5 Qe6 14.Bxf6 gxf6 15.Bh3 Qc6
16.Bg2 Qe6 17.Qe3 c6 18.Bh3 f5 19.Qg5+ Kh8 20.Ne3 Bh6 21.Qxf5 Bxe3 22.Qxe6
Bxe6 23.Bxe6 Rxe6 24.fxe3 Re7 25.b4 Kg7 26.Rd6 Rae8 27.Rad1 Nb8 28.Nh4 Re6 29.
Rxe6 fxe6 30.Nf3 Kf6 31.Rd6 Re7 32.g4 Rd7 33.g5+ Ke7 34.Rd3 e4 35.Rxd7+ Nxd7
36.Nd2 Ne5 37.c5 Ng4 38.Nxe4 Nxe3 39.Kf2 Nc2 40.Nd6 Nxa3 41.Nc8+ Kd7 42.Nxa7
Nc2 43.b5 Nd4 44.bxc6+ bxc6 45.h4 Nb3 46.h5 Nxc5 47.Kf3 e5 48.g6 hxg6 49.hxg6
Ne6 50.Ke4 Ng7 51.Kxe5 c5 52.Nb5 c4 53.Kf6 Nh5+ 54.Kf7 Kc6 55.Nc3 Kc5 56.e3
Kb4 57.Ne2 c3 58.e4 Kc4 59.e5 c2 60.g7 Nxg7 61.Kxg7 1-0

[Event "Campeonato de Aragón por Equipos 2008 "]
[Site "Aragón"]
[Date "2008.04.05"]
[Round "8.33"]
[White "Salamero Pelay Fernando"]
[Black "Cantin Zaborras Valentin"]
[Result "0-1"]
[WhiteElo "2154"]
[BlackElo "2141"]

1.e4 c5 2.Nf3 d6 3.Bb5+ Bd7 4.Qe2 Bxb5 5.Qxb5+ Qd7 6.a4 Nc6 7.c3 Nf6 8.d3 g6
9.Be3 Bg7 10.O-O O-O 11.e5 Nd5 12.exd6 exd6 13.Bg5 Nc7 14.Qc4 Ne6 15.Nbd2 d5
16.Qh4 Nxg5 17.Nxg5 h6 18.Ngf3 Rfe8 19.Nb3 b6 20.a5 Qf5 21.Qa4 Nxa5 22.Nxa5
bxa5 23.Qxa5 Qxd3 24.Qxc5 Rab8 25.Rfd1 Qc2 26.Rd2 Qe4 27.Qxa7 d4 28.cxd4 Ra8
29.Qxa8 Rxa8 30.Rxa8+ Qxa8 31.h3 Kf8 32.d5 Bxb2 33.d6 Qa1+ 34.Kh2 Ke8 35.d7+
Kd8 36.Rd3 Bf6 37.Rd5 Qa2 38.Rd2 Qa5 39.g3 Qf5 40.Kg2 Qe4 41.Rd1 Bg7 42.Rd2 f5
43.Rd1 g5 44.Re1 Qd5 0-1

[Event "Campeonato de Aragón por Equipos 2008 "]
[Site "Aragón"]
[Date "2008.04.05"]
[Round "8.34"]
[White "Valiente Roy Jose Javier"]
[Black "Gella Lopez Angel"]
[Result "1/2-1/2"]
[WhiteElo "2109"]
[BlackElo "2094"]

1.d4 Nf6 2.c4 c5 3.d5 e6 4.Nc3 exd5 5.cxd5 d6 6.Nf3 g6 7.Nd2 Bg7 8.e4 O-O 9.
Be2 Na6 10.O-O Nc7 11.a4 b6 12.Nc4 Re8 13.Qc2 Ba6 14.Bg5 h6 15.Bh4 Bxc4 16.
Bxc4 a6 17.Rfe1 Qd7 18.Rad1 b5 19.axb5 axb5 20.e5 Rxe5 21.Rxe5 dxe5 22.Bxf6
Bxf6 23.Ne4 Be7 24.d6 bxc4 25.dxe7 Qxe7 26.Qxc4 Ne6 27.g3 Nd4 28.Qxc5 Qe6 29.
Qd5 Qxd5 30.Nf6+ Kg7 31.Nxd5 Rb8 32.b4 Rb5 33.Nc7 Rxb4 34.Kg2 Rb2 35.Ne8+ Kf8
36.Nd6 Nf5 37.Nxf5 gxf5 38.Rd5 f6 39.Rd7 Kg8 40.h4 h5 41.Kf1 Rb4 42.Ra7 f4 43.
Kg2 fxg3 44.fxg3 Rb3 45.Re7 Rb4 46.Kf3 Rg4 47.Ra7 Rg7 48.Ra8+ Kh7 49.Ra3 Kg6
50.Kg2 Rd7 51.Rb3 Rd4 52.Ra3 Rd2+ 53.Kf3 Kf5 54.Ra4 Rd4 55.Ra5 Rd1 56.Ke2 Rb1
57.Ra6 Rb3 58.Kf2 Rd3 59.Kg2 Rd2+ 60.Kf3 e4+ 61.Ke3 Rd3+ 62.Kf2 Rf3+ 63.Kg2
Kg4 64.Re6 Rxg3+ 65.Kh2 Rh3+ 66.Kg2 Rg3+ 67.Kh2 Re3 68.Rxf6 Re2+ 69.Kg1 Kxh4
70.Kf1 Re3 71.Kf2 1/2-1/2

[Event "Campeonato de Aragón por Equipos 2008 "]
[Site "Aragón"]
[Date "2008.04.05"]
[Round "8.35"]
[White "Laplaza Ara Carlos"]
[Black "Martin Barbero Roberto"]
[Result "1/2-1/2"]
[WhiteElo "2008"]
[BlackElo "1963"]

1.d4 Nf6 2.c4 g6 3.Nc3 Bg7 4.e4 d6 5.Nf3 O-O 6.Be2 e5 7.dxe5 dxe5 8.Bg5 c6 9.
Nxe5 Qa5 10.Bxf6 Bxf6 11.f4 Bxe5 12.fxe5 Qxe5 13.O-O Na6 14.Kh1 Be6 15.Qc2
Rad8 16.Rad1 Qg5 17.a3 Bg4 18.b4 Bxe2 19.Qxe2 Qe5 20.Qc2 Nc7 21.c5 Ne6 22.Ne2
h5 23.h4 Rfe8 24.g3 Nd4 25.Nxd4 Rxd4 26.Qf2 Qxe4+ 27.Kh2 Rxd1 28.Qxf7+ Kh8 29.
Rxd1 Qe2+ 30.Kh3 Qg4+ 31.Kg2 Qe2+ 1/2-1/2

[Event "Campeonato de Aragón por Equipos 2008 "]
[Site "Aragón"]
[Date "2008.04.05"]
[Round "8.36"]
[White "Navarro Castan Jesus"]
[Black "Gella Bitrian Diego"]
[Result "1-0"]
[WhiteElo "1888"]
[BlackElo "1844"]

1.e4 c5 2.Nf3 d6 3.d4 Nf6 4.Nc3 cxd4 5.Nxd4 a6 6.Be3 e5 7.Nb3 Be6 8.f3 Be7 9.
Qd2 O-O 10.O-O-O Nbd7 11.g4 b5 12.g5 b4 13.Nd5 Nxd5 14.exd5 Bf5 15.h4 a5 16.
Bd3 a4 17.Na1 Bxd3 18.Qxd3 Qc7 19.Kb1 f5 20.Rhg1 Qa5 21.Qd2 f4 22.Bf2 Rfb8 23.
Qd3 b3 24.cxb3 axb3 25.a3 Qb5 26.Qxb5 Rxb5 27.Rd3 Rab8 28.Rc1 Bd8 29.Rcc3 Bb6
30.Bxb6 R8xb6 31.Rxb3 Nc5 32.Rxb5 Rxb5 33.Rd2 Na4 34.Ka2 Nb6 35.b4 Rxd5 36.
Rxd5 Nxd5 37.Kb3 e4 38.Kc2 exf3 39.Kd2 Ne3 40.Ke1 Kf7 41.b5 Nc4 42.a4 Ke6 43.
Kf2 Kd5 44.Nb3 1-0

[Event "Campeonato de Aragón por Equipos 2008 "]
[Site "Aragón"]
[Date "2008.04.05"]
[Round "8.37"]
[White "Glaria Murillo Christian"]
[Black "Laliena Solares Luis"]
[Result "0-1"]
[WhiteElo "2195"]
[BlackElo "2201"]

1.e4 d5 2.exd5 Qxd5 3.Nc3 Qd6 4.d4 Nf6 5.Bd3 a6 6.Nge2 Nc6 7.Bf4 Qd8 8.Qd2 Bg4
9.f3 Bh5 10.g4 Bg6 11.Bxg6 hxg6 12.d5 Na5 13.b3 c6 14.O-O-O cxd5 15.Nxd5 Qxd5
16.Qxd5 Nxd5 17.Rxd5 Nc6 18.Rhd1 e6 19.Rd7 Ba3+ 20.Kb1 b5 21.Rb7 g5 22.Bg3 O-O
23.Rdd7 Rfd8 24.c3 Rxd7 25.Rxd7 Ne7 26.f4 gxf4 27.Bxf4 Nd5 28.Bd6 Nf6 29.Bxa3
Nxd7 30.Bd6 Nf6 31.h3 Ne4 32.Bf4 Nf2 33.Ng1 Rd8 34.Kc2 Rd1 35.Ne2 Re1 36.Kd2
Ra1 37.Nc1 Rxc1 0-1

[Event "Campeonato de Aragón por Equipos 2008 "]
[Site "Aragón"]
[Date "2008.04.05"]
[Round "8.38"]
[White "Cobo Garrido Diego Israel"]
[Black "Martinez Cebolla Alberto"]
[Result "1-0"]
[WhiteElo "1989"]
[BlackElo "2023"]

1.e4 e5 2.Nf3 Nc6 3.Bb5 Nf6 4.d3 Bc5 5.Nc3 d6 6.Na4 Bb6 7.c3 h6 8.O-O O-O 9.
Nxb6 axb6 10.Ba4 Bg4 11.Bc2 d5 12.Qe2 d4 13.h3 Be6 14.c4 Nd7 15.Bd2 f5 16.exf5
Bxf5 17.b4 Qf6 18.b5 Nd8 19.Bb4 Rf7 20.Nd2 Ne6 21.Ne4 Qh4 22.Bd2 Raf8 23.Ng3
Nf4 24.Bxf4 exf4 25.Nxf5 Rxf5 26.Qe6+ R8f7 27.Qe4 Ne5 28.Bd1 Rg5 29.Kh2 Rgf5
30.Bf3 Qd8 1-0

[Event "Campeonato de Aragón por Equipos 2008 "]
[Site "Aragón"]
[Date "2008.04.05"]
[Round "8.39"]
[White "Garcia Monterde Francisco Jose"]
[Black "Sanz Lopez R"]
[Result "1-0"]
[WhiteElo "1931"]
[BlackElo "1921"]

1.c4 e6 2.g3 d5 3.Bg2 c6 4.Nf3 f5 5.b3 Nf6 6.Bb2 Be7 7.O-O O-O 8.Qc2 Qe8 9.d3
Qh5 10.Nbd2 Nbd7 11.e4 a5 12.Rfe1 Bb4 13.e5 Ng4 14.h3 Nh6 15.a3 Be7 16.Nd4 Qf7
17.cxd5 cxd5 18.f4 Nc5 19.b4 axb4 20.axb4 Rxa1 21.Rxa1 Na6 22.b5 Nc5 23.Ba3
Nd7 24.Qc7 Bxa3 25.Rxa3 Qe7 26.Rc3 Qb4 27.Nxe6 Re8 28.Bxd5 Kh8 29.Nf3 Qxb5 30.
Qxc8 Rxc8 31.Rxc8+ Ng8 32.Rxg8+ Kxg8 33.Nc7+ Qxd5 34.Nxd5 Kf7 35.Nc7 Nc5 36.
Ng5+ Ke7 37.d4 Nb3 38.d5 Nd4 39.Kf2 h6 40.Nge6 1-0

[Event "Campeonato de Aragón por Equipos 2008 "]
[Site "Aragón"]
[Date "2008.04.05"]
[Round "8.40"]
[White "Gayan Miguel Angel"]
[Black "Jimenez Fernandez Alejandro"]
[Result "0-1"]
[WhiteElo "1910"]
[BlackElo "1898"]

1.d4 f5 2.c4 Nf6 3.Nc3 e6 4.Nf3 d5 5.Bf4 c6 6.e3 Be7 7.Be2 O-O 8.O-O Ne4 9.Qc2
Nd7 10.Ne5 Nxe5 11.Bxe5 Bd7 12.f3 Nd6 13.cxd5 exd5 14.Qb3 Qb6 15.Qxb6 axb6 16.
b3 Nf7 17.f4 b5 18.a4 Bb4 19.Rfc1 Nxe5 20.dxe5 Ra5 21.Rc2 Be7 22.Rb1 b4 23.Nd1
Be6 24.Kf2 Rc8 25.Nb2 Rd8 26.Rbc1 d4 27.Bc4 dxe3+ 28.Kxe3 Bxc4 29.Rxc4 Rad5
30.R1c2 Kf7 31.Rc1 Ke6 32.R1c2 g5 33.g3 h6 34.Rc1 gxf4+ 35.gxf4 Rg8 36.R1c2
Rg1 37.Nd3 Rb1 38.Nb2 c5 39.Rg2 Kf7 40.Rf2 b6 41.Rg2 Bh4 42.Rcc2 Be1 43.Rge2
Bc3 44.Rg2 Bd4+ 45.Kd3 Rxb2 46.Kc4 Rxc2+ 47.Rxc2 Rd8 48.Kb5 Ke7 49.Rc4 Rb8 50.
Kc6 Kd8 51.Rc2 Rc8+ 52.Kxb6 Ke7 53.Rg2 Ke6 54.Rg6+ Kd5 55.Rd6+ Ke4 56.e6 Kxf4
57.a5 Ke5 58.Rxd4 cxd4 59.Kb7 Re8 60.a6 Rxe6 61.a7 Re7+ 62.Kb8 d3 63.a8=Q Re8+
0-1

[Event "Campeonato de Aragón por Equipos 2008 "]
[Site "Aragón"]
[Date "2008.04.05"]
[Round "8.41"]
[White "Delgado Salcedo Eduardo"]
[Black "Campos Hernandez Antonio"]
[Result "0-1"]
[WhiteElo "2250"]
[BlackElo "2228"]

1.d4 c5 2.d5 e5 3.e4 d6 4.Nc3 a6 5.a4 Be7 6.Nf3 Bg4 7.Be2 Bxf3 8.Bxf3 Bg5 9.
O-O Nh6 10.Be2 O-O 11.Ra3 Nd7 12.Nb1 Bxc1 13.Qxc1 f5 14.exf5 Rxf5 15.Rh3 Qe7
16.Nc3 Kh8 17.Bd3 Rf4 18.g3 Rd4 19.Ne2 Rxa4 20.b3 Rb4 21.f3 e4 22.Bxe4 Nf6 23.
Nc3 Nxe4 24.Nxe4 Nf7 25.c3 Rb6 26.Qf4 Rf8 27.Qf5 h6 28.Qe6 Qd8 29.f4 Rxb3 30.
f5 Ng5 31.Rxh6+ gxh6 32.Qxh6+ Nh7 33.f6 Rf7 34.Ng5 Qf8 35.Qg6 Nxg5 36.Qxg5 Qg8
37.Qh5+ Qh7 38.Qd1 Rb2 39.h4 Qg6 40.Kh1 Qe4+ 41.Qf3 Rxf6 0-1